In vitro techniques to complement conventional breeding (Record no. 75457)

MARC details
000 -LEADER
fixed length control field 00529nam a22001217a 4500
100 ## - MAIN ENTRY--AUTHOR NAME
Personal name Rekha, K
245 ## - TITLE STATEMENT
Title In vitro techniques to complement conventional breeding
260 ## - PUBLICATION, DISTRIBUTION, ETC. (IMPRINT)
Name of publisher In: Recent Advances in Molecular Biology and Biotechnology: DBT Skill Vigyan State Partnership Programme Faculty Training 2024. (Comp. C. Bindu Roy). 6-19 March 2024, Rubber Research Institute of India, Kottayam, India, pp. 11-16. Lab Manual
650 ## - SUBJECT ADDED ENTRY--TOPICAL TERM
Topical Term Embryo culture
650 ## - SUBJECT ADDED ENTRY--TOPICAL TERM
Topical Term Endosperm culture
650 ## - SUBJECT ADDED ENTRY--TOPICAL TERM
Topical Term Protoplast culture
942 ## - ADDED ENTRY ELEMENTS (KOHA)
Koha item type Articles
Holdings
Withdrawn status Lost status Damaged status Not for loan Home library Current library Date acquired Koha item type
        RRII Library RRII Library 20/03/2025 Articles